Herbal drugs and phytopharmaceuticals : (Record no. 18348)
[ view plain ]
| 000 -LEADER | |
|---|---|
| fixed length control field | 01350cam a2200325 a 4500 |
| 001 - CONTROL NUMBER | |
| control field | 13924415 |
| 005 - DATE AND TIME OF LATEST TRANSACTION | |
| control field | 20140708120129.0 |
| 008 - FIXED-LENGTH DATA ELEMENTS--GENERAL INFORMATION | |
| fixed length control field | 050408s2004 gw a frf 001 0 eng d |
| 010 ## - LIBRARY OF CONGRESS CONTROL NUMBER | |
| LC control number | 2005272951 |
| 020 ## - INTERNATIONAL STANDARD BOOK NUMBER | |
| International Standard Book Number | 3887631005 (Medpharm) |
| 020 ## - INTERNATIONAL STANDARD BOOK NUMBER | |
| International Standard Book Number | 0849319617 (CRC Press) |
| 040 ## - CATALOGING SOURCE | |
| Original cataloging agency | DLC |
| Transcribing agency | DLC |
| Modifying agency | DLC |
| -- | EG-ScBUE |
| 041 1# - LANGUAGE CODE | |
| Language code of text/sound track or separate title | eng |
| Language code of original and/or intermediate translations of text | ger |
| 082 04 - DEWEY DECIMAL CLASSIFICATION NUMBER | |
| Edition number | 22 |
| Classification number | 615.321 |
| Item number | HER |
| 130 ## - MAIN ENTRY--UNIFORM TITLE | |
| Uniform title | Teedrogen. |
| Language of a work | English |
| 9 (RLIN) | 36046 |
| 245 10 - TITLE STATEMENT | |
| Title | Herbal drugs and phytopharmaceuticals : |
| Remainder of title | a handbook for practice on a scientific basis / |
| Statement of responsibility, etc | edited by Max Wichtl ; translated from the German by Josef A. Brinckmann and Michael P. Lindenmaier ; with contributions from Franz-Christian Czygan ... [et al.] |
| 250 ## - EDITION STATEMENT | |
| Edition statement | 3rd ed., |
| Remainder of edition statement | expanded and completely rev. ed. |
| 260 ## - PUBLICATION, DISTRIBUTION, ETC. (IMPRINT) | |
| Place of publication, distribution, etc | Stuttgart, Germany : |
| Name of publisher, distributor, etc | Medpharm ; |
| Place of publication, distribution, etc | Boca Raton, United States : |
| Name of publisher, distributor, etc | CRC Press, |
| Date of publication, distribution, etc | 2004 |
| Place of manufacture | (Berlin) |
| 300 ## - PHYSICAL DESCRIPTION | |
| Extent | xliii, 704 p. : |
| Other physical details | ill. (col.) ; |
| Dimensions | 28 cm. |
| 500 ## - GENERAL NOTE | |
| General note | Index : p. 683-702. |
| 546 ## - LANGUAGE NOTE | |
| Language note | Translated from German. |
| 650 #0 - SUBJECT ADDED ENTRY--TOPICAL TERM | |
| Topical term or geographic name as entry element | Herbs |
| General subdivision | Therapeutic use |
| -- | Handbooks, manuals, etc.. |
| 653 ## - INDEX TERM--UNCONTROLLED | |
| Resource For college | Pharmacy |
| Arrived date list | July2014 |
| 655 ## - INDEX TERM--GENRE/FORM | |
| Form subdivision | |
| -- | 33728 |
| 700 1# - ADDED ENTRY--PERSONAL NAME | |
| Personal name | Wichtl, Max |
| Relator term | editor. |
| 9 (RLIN) | 36048 |
| 700 1# - ADDED ENTRY--PERSONAL NAME | |
| Personal name | Brinckmann, Josef |
| Fuller form of name | (Josef A.) |
| Relator term | translator. |
| 9 (RLIN) | 36049 |
| 700 1# - ADDED ENTRY--PERSONAL NAME | |
| Personal name | Lindenmaier, Michael P. |
| Relator term | translator. |
| 9 (RLIN) | 36050 |
| 700 1# - ADDED ENTRY--PERSONAL NAME | |
| Personal name | Czygan, Franz-Christian |
| 9 (RLIN) | 36051 |
| 942 ## - ADDED ENTRY ELEMENTS (KOHA) | |
| Source of classification or shelving scheme | Dewey Decimal Classification |
| Call number prefix | 615.321 HER |
| Withdrawn status | Item status | Source of classification or shelving scheme | Damaged status | Not for loan | Vendor | Home library | Current library | Shelving location | Date acquired | Source of acquisition | Cost, normal purchase price | Total Checkouts | Full call number | Barcode | Date last seen | Cost, replacement price | Koha item type |
|---|---|---|---|---|---|---|---|---|---|---|---|---|---|---|---|---|---|
| Dewey Decimal Classification | Baccah | Central Library | Central Library | First floor | 08/07/2014 | Purchase | 1690.00 | 615.321 HER | 000036057 | 15/07/2025 | 2112.50 | NB - Book (Non borrowing) |